[Event "Kemerovo op"]
[Site "Kemerovo"]
[Date "2010.07.28"]
[Round "4"]
[White "Anastasiev, Victor"]
[Black "Storozhev, Nikolai"]
[Result "0-1"]
[WhiteElo "2090"]
[BlackElo "2060"]
[PlyCount "62"]
[EventDate "2010.07.26"]
[EventType "swiss"]
[EventRounds "9"]
[EventCountry "RUS"]
[SourceTitle "EXT 2011"]
[Source "ChessBase"]
[SourceDate "2010.11.26"]
[SourceVersion "1"]
[SourceVersionDate "2010.11.26"]
[SourceQuality "1"]

1. e4 c5 2. Nf3 Nc6 3. d4 cxd4 4. Nxd4 Nf6 5. Nc3 d6 6. Be2 e5 7. Nxc6 bxc6 8. 0-0 Be7 9. f4 exf4 10. Rxf4 Qb6+ 11. Kh1 0-0 12. Na4 Qa5 13. c4 Qe5 14. Nc3 Rb8 15. Rf1 Nxe4 16. Nxe4 Qxe4 17. Bd3 Qh4 18. Rf4 Qg5 19. Rf5 Qg6 20. Rf4 f5 21. b3 Bf6 22. Rb1 Be5 23. Rh4 c5 24. Be2 Bb7 25. Bf3 Bxf3 26. gxf3 f4 27. Bb2 Bxb2 28. Rxb2 Qf6 29. Qd5+ Rf7 30. Qh5 g6 31. Rg2 Qa1+ 0-1

[Event "Kemerovo op"]
[Site "Kemerovo"]
[Date "2009.10.23"]
[Round "9"]
[White "Storozhev, Nikolai"]
[Black "Akentjev, Oleg"]
[Result "1-0"]
[WhiteElo "2030"]
[BlackElo "1856"]
[PlyCount "97"]
[EventDate "2009.10.16"]
[EventType "swiss"]
[EventRounds "9"]
[EventCountry "RUS"]
[SourceTitle "EXT 2010"]
[Source "ChessBase"]
[SourceDate "2010.11.25"]
[SourceVersion "1"]
[SourceVersionDate "2010.11.25"]
[SourceQuality "1"]

1. c4 e5 2. Nc3 Nc6 3. d3 Nf6 4. g3 Bc5 5. Bg2 a6 6. Nf3 h6 7. 0-0 d6 8. a3 Ba7 9. h3 Rb8 10. b4 Ne7 11. e3 0-0 12. d4 Ng6 13. Bb2 exd4 14. exd4 Be6 15. d5 Bd7 16. Ne2 Ne4 17. Ned4 Ng5 18. Kh2 Qf6 19. Qd2 Ne5 20. Nxg5 hxg5 21. Rac1 Qh6 22. c5 Qh5 23. Rh1 dxc5 24. bxc5 Bg4 25. Kg1 Bd7 26. h4 g4 27. Ne2 Ng6 28. Qd4 f6 29. Nf4 Nxf4 30. Qxf4 c6 31. Qc4 Kh8 32. d6 Rfe8 33. Bd4 Be6 34. Qc2 Bd5 35. Bxd5 Qxd5 36. Be3 Re4 37. Kh2 Rd8 38. Rhd1 Qe6 39. Qd3 Rd7 40. Rc3 Kh7 41. Rb1 f5 42. Rcb3 Rxe3 43. fxe3 Bxc5 44. Rxb7 Rxd6 45. Qc3 Bd4 46. exd4 Qe2+ 47. Kg1 Re6 48. d5 Re5 49. dxc6 1-0

[Event "Kemerovo op 08"]
[Site "Kemerovo"]
[Date "2009.08.25"]
[Round "5"]
[White "Storozhev, Nikolai"]
[Black "Ilenko, Aleksei"]
[Result "1/2-1/2"]
[WhiteElo "2024"]
[BlackElo "1993"]
[PlyCount "82"]
[EventDate "2009.08.22"]
[EventType "swiss"]
[EventRounds "9"]
[EventCountry "RUS"]
[SourceTitle "EXT 2012"]
[Source "ChessBase"]
[SourceDate "2011.11.24"]
[SourceVersion "1"]
[SourceVersionDate "2011.11.24"]
[SourceQuality "1"]

1. c4 c6 2. d4 d5 3. Nc3 Nf6 4. Nf3 e6 5. Qc2 Nbd7 6. g3 Bd6 7. Bg2 0-0 8. 0-0 h6 9. e4 dxe4 10. Nxe4 Nxe4 11. Qxe4 Nf6 12. Qc2 Bd7 13. b3 Rc8 14. Bb2 c5 15. Rad1 Be7 16. Rd2 b5 17. dxc5 Rxc5 18. Rfd1 Rc7 19. Be5 bxc4 20. Bxc7 Qxc7 21. Qxc4 Qxc4 22. bxc4 Ba4 23. Rb1 Bc5 24. Ne5 Rc8 25. Rb7 Be8 26. h4 Kf8 27. g4 g5 28. hxg5 hxg5 29. Bf3 Bb6 30. Rc2 Bd4 31. Nd3 e5 32. Nb4 e4 33. Be2 Ba4 34. Rd2 Bc5 35. Na6 e3 36. Nxc5 exd2 37. Nxa4 Rxc4 38. Nb2 Rc1+ 39. Kg2 Nd5 40. Rd7 Nf4+ 41. Kf3 Rc3+ 1/2-1/2

[Event "Kemerovo op"]
[Site "Kemerovo"]
[Date "2009.07.25"]
[Round "9"]
[White "Grishenko, Vladimir"]
[Black "Storozhev, Nikolai"]
[Result "1/2-1/2"]
[WhiteElo "2233"]
[BlackElo "2024"]
[PlyCount "127"]
[EventDate "2009.07.20"]
[EventType "swiss"]
[EventRounds "9"]
[EventCountry "RUS"]
[SourceTitle "EXT 2022"]
[Source "ChessBase"]
[SourceDate "2021.10.06"]
[SourceVersion "1"]
[SourceVersionDate "2021.10.06"]
[SourceQuality "1"]

1. Nf3 Nf6 2. c4 e6 3. Nc3 d5 4. d4 Be7 5. Bg5 0-0 6. e3 h6 7. Bh4 b6 8. Rc1 Bb7 9. Bxf6 Bxf6 10. cxd5 exd5 11. Be2 Qe7 12. 0-0 Rd8 13. Na4 c6 14. a3 Nd7 15. b4 a5 16. Qb3 axb4 17. axb4 Ra7 18. Rb1 Rda8 19. Nc3 Ra3 20. Qc2 g6 21. Rfc1 Nf8 22. Rb3 R3a7 23. Rb2 Qd6 24. Rd1 Ra1 25. Rbb1 R1a3 26. Rb3 Ra1 27. Rdb1 Qb8 28. Nd2 Ne6 29. g3 h5 30. Qb2 R1a7 31. Qc1 Kg7 32. h4 Qd6 33. Nf3 Nf8 34. Qf1 Qe7 35. Bd3 Nd7 36. Ne2 Kg8 37. Nf4 Nf8 38. Qd1 Ra2 39. Qc1 Ne6 40. Ne2 Kg7 41. Nc3 R2a7 42. Qb2 Nf8 43. Bf1 Nd7 44. Bg2 b5 45. Qe2 Nb6 46. R3b2 Nc4 47. Ra2 Bc8 48. Rxa7 Rxa7 49. Ne1 Bg4 50. Bf3 Bf5 51. Nd3 Ra3 52. Rc1 Bxd3 53. Qxd3 Qxb4 54. Qc2 Rb3 55. Nd1 Bxd4 56. Bxd5 cxd5 57. exd4 Rf3 58. Kg2 Rf6 59. Rb1 Qa4 60. Qb3 Qa7 61. Qd3 Qa5 62. Qe2 b4 63. Ne3 Nxe3+ 64. Qxe3 1/2-1/2

[Event "Kemerovo op"]
[Site "Kemerovo"]
[Date "2009.07.23"]
[Round "6"]
[White "Konyshev, Artem"]
[Black "Storozhev, Nikolai"]
[Result "1/2-1/2"]
[WhiteElo "2400"]
[BlackElo "2024"]
[PlyCount "58"]
[EventDate "2009.07.20"]
[EventType "swiss"]
[EventRounds "9"]
[EventCountry "RUS"]
[SourceTitle "EXT 2022"]
[Source "ChessBase"]
[SourceDate "2021.10.06"]
[SourceVersion "1"]
[SourceVersionDate "2021.10.06"]
[SourceQuality "1"]

1. Nf3 Nf6 2. g3 d5 3. Bg2 e6 4. 0-0 Be7 5. c4 0-0 6. d4 dxc4 7. Ne5 Nc6 8. Bxc6 bxc6 9. Nxc6 Qd7 10. Nxe7+ Qxe7 11. Qa4 Qd6 12. Qxc4 Ba6 13. Qc2 Qxd4 14. Be3 Qg4 15. f3 Qh3 16. Bc5 Nd5 17. Rf2 Rfd8 18. Nd2 Nb6 19. Nf1 h5 20. Rd1 Rxd1 21. Qxd1 Qf5 22. Bb4 c5 23. e4 Qg5 24. Bd2 Rd8 25. Qc1 Qe7 26. Ba5 Rd3 27. Bxb6 axb6 28. Kg2 Qd7 29. Rd2 Qd4 1/2-1/2

[Event "Kemerovo op"]
[Site "Kemerovo"]
[Date "2009.07.20"]
[Round "1"]
[White "Starkov, S."]
[Black "Storozhev, Nikolai"]
[Result "1/2-1/2"]
[WhiteElo "2218"]
[BlackElo "2024"]
[PlyCount "60"]
[EventDate "2009.07.20"]
[EventType "swiss"]
[EventRounds "9"]
[EventCountry "RUS"]
[SourceTitle "EXT 2022"]
[Source "ChessBase"]
[SourceDate "2021.10.06"]
[SourceVersion "1"]
[SourceVersionDate "2021.10.06"]
[SourceQuality "1"]

1. e4 c5 2. Nf3 Nc6 3. d4 cxd4 4. Nxd4 Nf6 5. Nc3 d6 6. Be2 e5 7. Nb3 Be7 8. g4 h6 9. h4 Be6 10. Rg1 a5 11. g5 hxg5 12. hxg5 Nd7 13. Be3 a4 14. Nd2 a3 15. bxa3 Rxa3 16. Nb3 Ndb8 17. Nd5 Nd7 18. Qd2 Ra4 19. c4 Nc5 20. Bxc5 dxc5 21. Rd1 Nd4 22. Nxe7 Qxe7 23. Nxd4 exd4 24. Qc2 Bd7 25. g6 Rh2 26. Bg4 Bc6 27. gxf7+ Qxf7 28. Bf5 Kf8 29. Qd2 Qxc4 30. Rc1 Qb4 1/2-1/2

[Event "Kemerovo-ch"]
[Site "Kemerovo"]
[Date "2009.03.21"]
[Round "8"]
[White "Emeljashin, Yury"]
[Black "Storozhev, Nikolai"]
[Result "1/2-1/2"]
[WhiteElo "2089"]
[BlackElo "2030"]
[PlyCount "67"]
[EventDate "2009.03.16"]
[EventType "swiss"]
[EventRounds "9"]
[EventCountry "RUS"]
[SourceTitle "EXT 2010"]
[Source "ChessBase"]
[SourceDate "2010.11.25"]
[SourceVersion "1"]
[SourceVersionDate "2010.11.25"]
[SourceQuality "1"]

1. e4 c5 2. Nf3 Nc6 3. Bb5 d6 4. 0-0 Bd7 5. Re1 a6 6. Bf1 g6 7. c3 Bg7 8. d4 cxd4 9. cxd4 Nf6 10. e5 dxe5 11. dxe5 Ng4 12. Bf4 Be6 13. Qc1 Qb6 14. Re2 Rc8 15. Nc3 Nb4 16. Qd1 0-0 17. h3 Rfd8 18. Qa4 Nd3 19. hxg4 Rc4 20. Be3 Qc7 21. Qc2 Nb4 22. Qb1 Rxg4 23. Rd2 Rc8 24. Qd1 Nc6 25. Nd5 Qb8 26. Rc1 Kf8 27. Nb6 Re8 28. Nd7+ Bxd7 29. Rxd7 h5 30. e6 f5 31. Qd2 Kg8 32. Bh6 Bf6 33. Nh2 Rb4 34. Qe3 1/2-1/2

[Event "Kemerovo op"]
[Site "Kemerovo"]
[Date "2008.08.25"]
[Round "4"]
[White "Fanaskov, Artem"]
[Black "Storozhev, Nikolai"]
[Result "1/2-1/2"]
[WhiteElo "2028"]
[BlackElo "2046"]
[PlyCount "67"]
[EventDate "2008.08.23"]
[EventType "swiss"]
[EventRounds "9"]
[EventCountry "RUS"]
[SourceTitle "CBM 126 Extra"]
[Source "ChessBase"]
[SourceDate "2008.11.05"]
[SourceVersion "1"]
[SourceVersionDate "2008.11.05"]
[SourceQuality "1"]

1. d4 Nf6 2. c4 g6 3. Nc3 d5 4. Nf3 Bg7 5. e3 0-0 6. Bd3 b6 7. 0-0 Bb7 8. b3 Nbd7 9. Bb2 c5 10. Qe2 dxc4 11. Bxc4 Qc7 12. h3 Ne4 13. Rac1 Nxc3 14. Bxc3 Qb8 15. Rfd1 a6 16. a4 cxd4 17. exd4 Qd6 18. Ne5 Bd5 19. Bb4 Bxc4 20. Rxc4 Qe6 21. Rc6 Qd5 22. Rc3 Nxe5 23. dxe5 Qe6 24. Re1 Rfe8 25. Qc4 Qxc4 26. Rxc4 Rad8 27. Re3 Rd5 28. f4 g5 29. g3 b5 30. Rc7 e6 31. a5 Bh6 32. Re4 gxf4 33. gxf4 Rd3 34. Rc3 1/2-1/2

[Event "Kemerovo op"]
[Site "Kemerovo"]
[Date "2008.08.25"]
[Round "3"]
[White "Storozhev, Nikolai"]
[Black "Volodarsky, Yury Aleksandrovic"]
[Result "1/2-1/2"]
[WhiteElo "2046"]
[BlackElo "2226"]
[PlyCount "65"]
[EventDate "2008.08.23"]
[EventType "swiss"]
[EventRounds "9"]
[EventCountry "RUS"]
[SourceTitle "CBM 126 Extra"]
[Source "ChessBase"]
[SourceDate "2008.11.05"]
[SourceVersion "1"]
[SourceVersionDate "2008.11.05"]
[SourceQuality "1"]

1. c4 e5 2. Nc3 Nc6 3. Nf3 Nf6 4. d4 exd4 5. Nxd4 Bb4 6. g3 Ne4 7. Qd3 Nxc3 8. bxc3 Be7 9. Bg2 0-0 10. Rb1 Ne5 11. Qe4 Bf6 12. c5 Qe7 13. Rb3 a5 14. a4 Re8 15. Nb5 Qd8 16. 0-0 Nc6 17. Qf3 Na7 18. Nxa7 Rxa7 19. Be3 Ra6 20. Qd5 d6 21. Qd2 dxc5 22. Qxd8 Rxd8 23. Bxc5 b6 24. Be3 Be6 25. Ra3 Ra7 26. Rc1 Bc4 27. Bf3 Be7 28. Raa1 Bd6 29. Rd1 Kf8 30. Rd4 Ba6 31. Rad1 Bb7 32. Bxb7 Rxb7 33. Bf4 1/2-1/2

[Event "Kemerovo op"]
[Site "Kemerovo"]
[Date "2008.08.24"]
[Round "2"]
[White "Grishenko, Vladimir"]
[Black "Storozhev, Nikolai"]
[Result "1-0"]
[WhiteElo "2206"]
[BlackElo "2046"]
[PlyCount "91"]
[EventDate "2008.08.23"]
[EventType "swiss"]
[EventRounds "9"]
[EventCountry "RUS"]
[SourceTitle "CBM 126 Extra"]
[Source "ChessBase"]
[SourceDate "2008.11.05"]
[SourceVersion "1"]
[SourceVersionDate "2008.11.05"]
[SourceQuality "1"]

1. Nf3 Nf6 2. c4 g6 3. Nc3 Bg7 4. e4 d6 5. d4 0-0 6. Be2 c6 7. 0-0 Qc7 8. h3 e5 9. d5 a5 10. Be3 Na6 11. Nd2 Qe7 12. a3 Bd7 13. Nb3 a4 14. Nd2 cxd5 15. cxd5 Nc5 16. Bxc5 dxc5 17. Nc4 b5 18. Ne3 b4 19. d6 Qd8 20. Ncd5 Rb8 21. Qc2 b3 22. Nxf6+ Qxf6 23. Qxc5 Rfc8 24. Qd5 Bc6 25. Qd3 Bb5 26. Qd2 Bxe2 27. Qxe2 Qxd6 28. Rfd1 Qc6 29. Rd5 Qf6 30. Rad1 Rc6 31. Ra5 Rbc8 32. Rxa4 Qg5 33. Rc4 Bf8 34. Rxc6 Rxc6 35. Qb5 Rc2 36. Qxb3 Re2 37. Rf1 Bc5 38. Qc4 Rxe3 39. fxe3 Bxe3+ 40. Kh1 Bf4 41. Qc8+ Kg7 42. Qg4 Qd8 43. g3 Bd2 44. Rd1 Qd3 45. Kg2 f5 46. Qf3 1-0

[Event "Kemerovo op"]
[Site "Kemerovo"]
[Date "2008.08.23"]
[Round "1"]
[White "Storozhev, Nikolai"]
[Black "Siuniakov, Igor"]
[Result "0-1"]
[WhiteElo "2046"]
[BlackElo "2281"]
[PlyCount "94"]
[EventDate "2008.08.23"]
[EventType "swiss"]
[EventRounds "9"]
[EventCountry "RUS"]
[SourceTitle "CBM 126 Extra"]
[Source "ChessBase"]
[SourceDate "2008.11.05"]
[SourceVersion "1"]
[SourceVersionDate "2008.11.05"]
[SourceQuality "1"]

1. d4 Nf6 2. Nf3 g6 3. e3 Bg7 4. Be2 0-0 5. Nbd2 d6 6. b3 c5 7. Bb2 Nc6 8. 0-0 Bf5 9. a3 Qc7 10. Rc1 Rad8 11. c4 e5 12. d5 Ne7 13. b4 b6 14. Ng5 h6 15. Ngf3 Bc8 16. Ne1 Nd7 17. Bc3 f5 18. Qb3 Rf7 19. Qb2 e4 20. Bxg7 Rxg7 21. bxc5 bxc5 22. Qc3 Ne5 23. f3 exf3 24. gxf3 g5 25. Kh1 f4 26. Ne4 Rf8 27. Ng2 Bh3 28. exf4 Bxg2+ 29. Kxg2 Rxf4 30. Kh1 N7g6 31. Rb1 Rf8 32. Rg1 Nf4 33. Bf1 Nfg6 34. Be2 Nh4 35. Rg3 Nf5 36. Rh3 Nd4 37. Bd1 Rg6 38. Rb2 g4 39. Rg3 gxf3 40. Rxg6+ Nxg6 41. Qe3 Qe7 42. Rf2 Rf4 43. Bxf3 Nxf3 44. Rg2 Qxe4 45. Qxe4 Rxe4 46. Rxg6+ Kf7 47. Rxd6 Rg4 0-1